书目信息 |
| 题名: |
中华典故治国安邦的故事
|
|
| 作者: | 周治 主编 | |
| 分册: | ||
| 出版信息: | 沈阳 辽海出版社 2011.01 |
|
| 页数: | 196页 | |
| 开本: | 23cm | |
| 丛书名: | 中华典故故事全集 | |
| 单 册: | ||
| 中图分类: | H136.3 | |
| 科图分类: | ||
| 主题词: | 汉语--典故--青少年读物--Han Yu | |
| 电子资源: | ||
| ISBN: | 978-7-5451-0431-8 | |
| 000 | 00692nam 2200229 45** | |
| 001 | CALB01201101093770m | |
| 005 | 20110302195100.76 | |
| 010 | @a978-7-5451-0431-8@dCNY26.00@z7-5451-0431-8 | |
| 100 | @a20100528d2011 km y0chiy0121 eb | |
| 101 | 0 | @achi |
| 105 | @ay z 000yy | |
| 200 | 1 | @a中华典故治国安邦的故事@f周治主编@Azhong hua dian gu zhi guo an bang de gu shi |
| 205 | @a第2版 | |
| 210 | @a沈阳@c辽海出版社@d2011.01 | |
| 215 | @a196页@d23cm | |
| 225 | 2 | @a中华典故故事全集 |
| 410 | 0 | @12001 @a中华典故故事全集 |
| 606 | 0 | @a汉语@x典故@x青少年读物@AHan Yu |
| 690 | @aH136.3 | |
| 701 | 0 | @a周治@4主编@AZhou Zhi |
| 801 | 0 | @aCN@bZZRC@c20110302 |
| 905 | @aZUCC@dH136.3@eZ8131=2@f3 | |
| 中华典故治国安邦的故事/周治主编.-第2版.-沈阳:辽海出版社,2011.01 |
| 196页;23cm.-(中华典故故事全集) |
| ISBN 978-7-5451-0431-8:CNY26.00 |
| ● |
| 相关链接 |
|
|
|
正题名:中华典故治国安邦的故事
索取号:H136.3/Z8131=2
 
预约/预借
| 序号 | 登录号 | 条形码 | 馆藏地/架位号 | 状态 | 备注 |
| 1 | 1192553 | 211925531 | 语言库209/209语言库 72排4列1层/ [索取号:H136.3/Z8131=2] | 在馆 | |
| 2 | 1192554 | 211925540 | 语言库209/209语言库 72排4列1层/ [索取号:H136.3/Z8131=2] | 在馆 | |
| 3 | 1192555 | 211925559 | 语言库209/209语言库 72排4列1层/ [索取号:H136.3/Z8131=2] | 在馆 |